000 01042nam a22002657a 4500
005 20240530110439.0
008 150419s2009 ua ao f 000 0 ara d
020 _a9774274903
040 _aEG-CaGPL
082 0 4 _221
_a932.012
_bق/ز ع
100 0 _aزاهى حواس
245 1 0 _aعائلة الملك خوفو :
_bتاريخ و اسرار الاسرة الرابعة : الدولة القديمة /
_cزاهى حواس .
250 _aط1.
260 _aالقاهرة :
_bالدار المصرية اللبنانية ،
_c2009.
300 _a271 ص :
_bايض ؛
_c28 سم.
650 0 4 _aالحضارة الفرعونية.
650 0 4 _aالاهرام
650 0 4 _aالمصريون القدماء
651 0 4 _aمصر القديمة
_xتاريخ.
651 0 4 _aمصر القديمة
_vصور
651 0 4 _aمصر القديمة
_xتاريخ
_yالاسرة الرابعة
651 0 4 _aمصر القديمة
_xتاريخ
_yالدولة القديمة.
942 _2ddc
_cBK
999 _c61017
_d61017